Computer Organization and Embedded Systems/ (Record no. 195461)

MARC details
000 -LEADER
fixed length control field 00845nam a22002417a 4500
005 - DATE AND TIME OF LATEST TRANSACTION
control field 20230405120738.0
010 ## - LCCN (DPL NO)
LC control number ENG-136538
020 ## - INTERNATIONAL STANDARD BOOK NUMBER
International Standard Book Number 9789355323729
Terms of availability 995.00
035 ## - SYSTEM CONTROL NUMBER
System control number EN-120070
037 ## - SOURCE OF ACQUISITION
Source of stock number/acquisition DBAD/PUB
082 ## - DEWEY DECIMAL CLASSIFICATION NUMBER
Classification number 004.22
Edition number 6th ed.
100 ## - MAIN ENTRY--PERSONAL NAME
Personal name Hamacher,Carl.....[et al.]
245 ## - TITLE STATEMENT
Title Computer Organization and Embedded Systems/
Statement of responsibility, etc by Carl Hamacher;Zvonko Vranesic; Safwat Zaky and Naraig Manjikian
250 ## - EDITION STATEMENT
Edition statement 6th
260 ## - PUBLICATION, DISTRIBUTION, ETC. (IMPRINT)
Place of publication, distribution, etc Tamil Nadu
Name of publisher, distributor, etc McGraw Hill Education (India)
Date of publication, distribution, etc 2022
270 ## - ADDRESS
Address Anjana Complex No:5/90 A, Butt Road ,St. Thomas Mount, Chennai
City Tamil Nadu
Postal code 600016
Electronic mail address info.india @mheducation.com
Telephone number 18001035875
300 ## - PHYSICAL DESCRIPTION
Extent xxi, 710p.;
Dimensions 24cm(pbk)
700 ## - ADDED ENTRY--PERSONAL NAME
Personal name Zvonko Vranesic
700 ## - ADDED ENTRY--PERSONAL NAME
Personal name Safwat Zaky
700 ## - ADDED ENTRY--PERSONAL NAME
Personal name Naraig Manjikian
760 ## - MAIN SERIES ENTRY
Edition 6th
942 ## - ADDED ENTRY ELEMENTS (KOHA)
Source of classification or shelving scheme Dewey Decimal Classification
Item type English Books
Classification part 004.22
Call number suffix HAM
Edition 6th
Holdings
Withdrawn status Lost status Not for loan Collection code Home library Current library Date acquired Source of acquisition Full call number Barcode Copy number Koha item type
      Non-fiction Central Jail Tihar Central Jail Tihar 29/03/2023 DBAD/PUB 004.22 HAM EN-120070 1 English Books

© Delhi Public Library
Hit Counter
free hit counter